| 000 | 01003nas a2200277 4500 | ||
|---|---|---|---|
| 001 | BR7306247 | ||
| 003 | BR-BrBNA | ||
| 005 | 20231205082606.0 | ||
| 007 | ta | ||
| 008 | 230509b bl.|||p| |||| 00| 00por d | ||
| 040 |
_aBR-BrBNA _bpor _cBiblioteca Nacional de Agricultura |
||
| 041 | _a(Pt) | ||
| 072 | _aL72 | ||
| 100 | 1 | _aRodrigues, H. de O. | |
| 100 | 1 | _aNoranha, D. | |
| 100 | 1 | _aVarela, M.C. | |
| 245 | 1 | _aAlguns acantocefalos de peixes do oceano Atlantico, Costa Continental Portuguesa e Costa Norte da Africa [Rhadinorhynclus tenuicornis, Aspersentis johni, Acanthocephaloides incrossatus, pescada, Merluccius merluccius, linguado, solea solea, sarda, Scomber scombrus] | |
| 650 | _aPRAGA DE ANIMAL | ||
| 650 | _aVERMINOSE | ||
| 650 | _aPEIXE MARINHO | ||
| 650 | _aPESCADA | ||
| 650 | _aLINGUADO | ||
| 773 | 0 |
_tMemorias do Instituto Oswaldo Cruz (Brazil) _xISSN 0074-0276 _g(1975), v. 73(3) p. 209-214 _wBR7306247 |
|
| 909 |
_a202311 _bLúcia _c55 _dLúcia Elande |
||
| 942 |
_2AGRIS _n0 _cANA |
||
| 999 |
_c93066 _d93066 |
||